000 01606nam0a2200373 i 4500
001 RU\NLR\BIBL_A\010352509
005 20240921165316.0
010 _a9785439606146
_93000
021 _aRU
_b2014-14493
_9930
035 _a(NILC)RuMoRGB-006754055
035 _a(NLR Aleph) 010352509
090 _a10751885
_c10751885
100 _a20140430d2014 km y0rusy50 ca
101 0 _arus
102 _aRU
105 _ay|||z||||01yy
200 1 _aУголовно-правовое значение состояния опьянения
_eмонография
_fБ. А. Спасенников, С. Б. Спасенников
210 _aМосква
_cЮрлитинформ
_d2014
215 _a162, [3] с.
_d22
225 1 _aУголовное право
300 _aНа обороте тит. л. авт.: Спасенников Б. А., д. ю. н., д. м. н., проф., Спасенников С. Б., преп.
320 _aБиблиогр. в конце кн. и в подстроч. примеч.
606 1 _aАлкогольное опьянение
_xУголовно-правовые вопросы
_92626638
_3RU\NLR\AUTH\661563198
675 _a343.225.3
686 1 _aХ628.103.12
700 1 _aСпасенников
_bБ. А.
_gБорис Аристархович
701 1 _aСпасенников
_bС. Б.
_gСергей Борисович
801 0 _aRU
_bRuMoRKP
_c20140303
_gRCR
801 2 _aRU
_bРГБ
_c20140401
_grcr
801 1 _aRU
_bRuMoRKP
_c20140303
_2rusmarc
942 _cBOOK
980 _aNBR